000 00304nam a22001337a 4500
008 181002b xxu||||| |||| 00| 0 eng d
020 _a9780312443177
041 _aeng
080 _26 ED
_a370
100 _a47
101 _aEDU
245 _aThe St Martin Handbook
_cLunsford.A.A
942 _2udc
_cBK
999 _c48769
_d48769